000 01095nam a22002537a 4500
005 20170124103056.0
010 _aB-036563
020 _c125.00
035 _aB-036563
037 _bCen Lib/Ret
040 _aDPL
_bHN
082 _a
_bचट्टोपा
100 _aचट्टोपाध्याय , शरतचंद्र
_947008
245 _aग्रामीण समाज /
_c शरतचंद्र चट्टोपाध्याय
246 _aGramin samaaj
_bby Sharatchandra Upadhaya
260 _aनई दिल्ली
_bचेतन साहित्य मंदिर प्रकाशन
_c2001
270 _aए-47,अमर कॉलोनी लाजपत नगर
_bनई दिल्ली
_e110024
300 _a112पृष्ठ.
_c20सेमी(सजिल्द )
650 _aहिंदी साहित्य
_974718
650 _aहिंदी उपन्यास
_974719
650 _aHindi Literature
_974720
650 _aHindi novel
_974721
942 _2ddc
_cHN
_h
_mचट्टोपा
999 _c117458
_d117458